Datum a čas kvízu
26
Celkem bodů
Celkový počet nahraných bodů na tomto kvízu bez doplňovacích otázek.
11.
Pořadí na kvízu
Konečné umístění týmu na tomto kvízu.
Zaznamenané odpovědi
| # | Otázka | Odpověď | Body | Výsledky |
|---|---|---|---|---|
| 1. | Čtyři plakáty, lákající občany... | 1 | ||
| 2. | Jak se jmenuje země, která v p... | 1 | ||
| 3. | Ze které země pochází dívka, k... | 1 | ||
| 4. | Mladoboleslavská společnost Šk... | 0 | ||
| 5. | Je pochopitelně pozoruhodné, ž... | 0 | ||
| 6. | Ve kterém severoevropském přís... | 1 | ||
| 7. | Jaltská konference byla jedním... | 1 | ||
| 8. | V severoirském přístavním měst... | 0 | ||
| 9. | Jak se jmenuje černohorské pří... | 0 | ||
| 10. | Jak se jmenuje přístavní město... | 1 |